| 000 | 00521nam a22001937a 4500 | ||
|---|---|---|---|
| 003 | MPLRDC | ||
| 005 | 20220104202931.0 | ||
| 008 | 210129b ||||| |||| 00| 0 eng d | ||
| 020 | _a978-7-5560-2846-7 | ||
| 082 | _a859.99 LAW | ||
| 100 | _a罗森 JONARNO LAWSON | ||
| 245 |
_a路边花 _c史密斯 SYDNEY SMITH 绘 |
||
| 250 | _a初版二刷 | ||
| 260 |
_a中国 _b长江少年儿童出版社 _c2016 |
||
| 300 | _b精 | ||
| 520 | _a新书上架 2018-05-02。 | ||
| 650 | _a儿童绘本 | ||
| 942 |
_cBK _o859.99 LAW |
||
| 999 |
_c67880 _d67870 |
||